| 000 | 00493nam a2200193Ia 4500 | ||
|---|---|---|---|
| 005 | 20250508150712.0 | ||
| 008 | 008 250505s9999 xx 000 0 eng d | ||
| 037 | _aTextual | ||
| 040 |
_aFEDL _beng _cFEDL |
||
| 041 |
_aeng _2eng |
||
| 084 |
_a551.5, MIL _qFEDL |
||
| 100 | _aMiller A Austin | ||
| 245 | 0 | _aClimatology | |
| 250 | _a6 | ||
| 260 |
_aLondon, UK _bMethuen and Co. Ltd. _c1949 |
||
| 300 | _aix,325p | ||
| 942 |
_cTEXL _h551.5, MIL |
||
| 999 |
_c1325145 _d1325145 |
||